000 00857nam a2200253 a 4500
001 000029703
003 DO-SdBNP
005 20250625110831.0
007 ta
008 110425e1955 dr gr 000 e spa d
040 _aDO-SdBNP
_bspa
_cDO-SdBNP
082 4 _a305.553
_bC749ac,1954
_222
111 2 _aCongreso Nacional de Profesionales Universitarios
_n(1 º :
_d1954 : 24-31 oct.
_cCiudad Trujillo, República Dominicana )
_976862
245 1 0 _aActa final . /
260 _aCiudad Trujillo, República Dominicana :
_bArte y Cine,
_c1955
300 _a29 p. ;
_c21 cm.
500 _aAño del benefactor de la patria
590 _aInventariado, 2019 / DG
650 7 _aEmpleados profesionales
_vCongresos, conferencias, etc.
_956498
711 _a
_d
_c
_956499
910 _aValidado. Control de calidad MFF
942 _2ddc
_cLBS1
956 _aVMateo
999 _c29195
_d29195